LDR 00737naa#a2200169#i#450# 001 RU\\bibl\120393 005 20260512011008.2 011 ## _a2074-8183 100 ## _a20260331b2026####ek#y0rusy0150####ca 102 ## _aRU 200 1# _aРЕЦИДИВНАЯ ПРЕСТУПНОСТЬ: СОВРЕМЕННОЕ СОСТОЯНИЕ И НАПРАВЛЕНИЯ ПРЕДУПРЕЖДЕНИЯ _eЖурнальная статья 210 1# _aВолгоград _cВолгоградская академия МВД России _d2026 215 ## _a11 с. 608 ## _aЖурнальная статья _2local 675 ## _aКриминология. Криминалистика. 343.9 _z 700 #1 _aРепьева _gАнна Михайловна 856 4# _ava-mvd.editorum.ru _u